Statistics for Israel Country Quiz

Click here to take the quiz!

General Stats

  • This quiz has been taken 35,566 times
    (14,953 since last reset)
  • The average score is 14 of 20

Answer Stats

Hint Answer % Correct
City that is legally the capital of Israel, although many other countries don't recognize itJerusalem
99%
Official languageHebrew
94%
Two seas that Israel bordersRed Sea
93%
Salty inland sea found at 430 meters below sea level?Dead Sea
93%
Two most populous cities on the Israeli coastTel Aviv
92%
Object which appears on the flagStar of {David}
92%
Two seas that Israel bordersMediterranean Sea
90%
Peninsula that Israel returned to Egypt in 1982Sinai Peninsula
81%
River found on Israel's eastern borderJordan River
72%
"Ism" in defined as the support of a Jewish homeland in the Holy Land{Zion}ism
70%
Area that Israel took from Syria in 1967{Golan} Heights
68%
The name of Israel's national intelligence agencyMossad
60%
War fought by Israel in 1967Six-Day War
60%
Currency of IsraelThe Shekel
58%
Body of water that Jesus walked on (according to the Bible)Sea of Galilee
57%
Two most populous cities on the Israeli coastHaifa
54%
War fought by Israel in 1973Yom Kippur War
52%
Name of Israel's legislatureThe Knesset
41%
The two Israelis who shared a Nobel Peace Prize with Yasser Arafat in 1994
(name either)
Yitzhak Rabin /
Shimon Peres
38%
Desert which comprises the southern half of IsraelNegev
36%

Score Distribution

Percentile by Number Answered

Percent of People with Each Score

Your Score History

You have not taken this quiz since the last reset